000
00202nam a2200085 4500
001
1258344
005
20260308100549.0
245
_a
BİLİMİN ÖNCÜLERİ RAZİ
_c
SÜHEYLA SANCAR
260
_b
ERDEM YAYINLARI
999
_c
1258344
_d
1258344